|
|
|
|
| LEADER |
00000nam0a2200000 4500 |
| 001 |
280066 |
| 005 |
20231101235253.0 |
| 020 |
|
|
|a RU
|b 86-58538
|
| 035 |
|
|
|a (RuTPU)RU\TPU\book\303375
|
| 090 |
|
|
|a 280066
|
| 100 |
|
|
|a 20141225d1986 m y0rusy5003 ca
|
| 101 |
0 |
|
|a rus
|
| 102 |
|
|
|a RU
|
| 105 |
|
|
|a y z 000zy
|
| 200 |
1 |
|
|a Франция в движении: очерки разных лет
|f В. Н. Седых
|
| 210 |
|
|
|a Москва
|c Советская Россия
|d 1986
|
| 215 |
|
|
|a 368 с.
|
| 606 |
1 |
|
|a Франция
|x Экономика
|2 stltpush
|3 (RuTPU)RU\TPU\subj\37253
|9 58347
|
| 606 |
1 |
|
|a Европейские государства
|x Политическое положение
|2 stltpush
|3 (RuTPU)RU\TPU\subj\10275
|9 37377
|
| 610 |
1 |
|
|a история
|
| 610 |
1 |
|
|a внутренняя политика
|
| 610 |
1 |
|
|a внешняя политика
|
| 610 |
1 |
|
|a Пятая республика
|
| 610 |
1 |
|
|a 20 век
|
| 610 |
1 |
|
|a Париж
|
| 610 |
1 |
|
|a фашизм
|
| 610 |
1 |
|
|a оккупация
|
| 610 |
1 |
|
|a политики
|
| 610 |
1 |
|
|a международные отношения
|
| 686 |
|
|
|a Ф2(4ФР)
|v LBC/SL-A
|2 rubbk
|
| 686 |
|
|
|a У9(4ФР)
|v LBC/SL-A
|2 rubbk
|
| 700 |
|
1 |
|a Седых
|b В. Н.
|g Волеслав Николаевич
|
| 801 |
|
0 |
|a RU
|b RuMRKP
|c 19950704
|g psbo
|
| 801 |
|
1 |
|a RU
|b 63413507
|c 20141225
|
| 801 |
|
2 |
|a RU
|b 63413507
|c 20170426
|g RCR
|
| 942 |
|
|
|c BK
|